Destinations au départ de l'aéroport de Strasbourg (SXB) - Statistiques

Statistiques générales
  • Ce quiz a été pris 267 fois
    89 depuis la dernière actualisation
  • Le résultat moyen est 26 sur 39
Statistiques - réponses
Pays Airline Destination % Correct
Italie Volotea Rome / FCO
97%
Algérie Tassili Airlines,Transavia Alger / ALG
96%
Espagne Iberia Madrid / MAD
96%
Pays-Bas AmeliaAir France Amsterdam / AMS
94%
Grèce Aegean Airlines,TuiFly,
Volotea
Athenes / ATH
94%
Espagne Volotea Barcelone / BCN
94%
Portugal Ryanair Porto / OPO
94%
France Volotea Marseille / MRS
93%
Tunisie Nouvelair,TuiFly,
TunisAir
Tunis / TUN
93%
Allemagne Volotea Berlin / BER
92%
Turquie Turkish Airlines Istanbul / IST
92%
Royaume-Uni Volotea Londres / LGW
90%
France Volotea Nice / NCE
89%
France Volotea Bordeaux / BOD
88%
France Volotea Toulouse / TLS
88%
France Volotea Nantes / NTE
85%
France Air France Lyon / LYS
81%
Maroc Royal Air Maroc Casablanca / CMN
79%
France Volotea Bastia / BIA
74%
France TuiFly Ajaccio / AJA
72%
France Volotea Montpellier / MPL
69%
Algérie Tassili Airlines Oran / ORN
65%
Croatie Volotea Split / SPU
65%
Espagne TuiFly,Volotea Malaga / AGP
56%
Italie TuiFly,Volotea Palerme / PMO
53%
Portugal TAP Portugal,TuiFly,
Volotea
Faro / FAO
51%
Maroc Air Arabia Fes / FES
49%
Espagne TuiFly,Volotea Palma de Mallorca / PMI
49%
Tunisie Nouvelair,TuiFly Djerba / DJE
47%
Maroc Ryanair Agadir / AGA
46%
France Volotea Biarritz / BIQ
44%
Algérie Tassili Airlines,Transavia Constantine / CZL
36%
France Volotea Calvi / CLY
26%
Grèce Aegean Airlines,TuiFly,
Volotea
Corfou / CFU
26%
France Volotea Figari / FSC
24%
Espagne Volotea Lanzarote / ACE
21%
Italie TuiFly,Volotea Olbia / OLB
18%
Maroc ASL Airlines Oujda / OUD
18%
Maroc Air Arabia Nador / NDR
10%
Aucun quiz correspondant
Distribution des résultats
% des personnes avec chaque résultat
Percentile par nombre de réponses
Votre historique - résultats
Vous n’avez pas pris ce quiz depuis la dernière actualisation